MARC

LEADER 00000nam0a2200000 4500
001 231358
005 20231101231057.0
020 |a RU  |b 90-23563ж 
035 |a (RuTPU)RU\TPU\book\252377 
090 |a 231358 
100 |a 20130131a1989 k y0rusy5003 ca 
101 0 |a rus 
102 |a RU 
105 |a a z 001zy 
200 1 |a Водно-химический режим и коррозия энергетического оборудования  |e сборник научных трудов  |f Центральный научно-исследовательский проектно-конструкторский котлотурбинный институт им. И. И. Ползунова (ЦКТИ) ; под ред. Л. П. Сафонова 
210 |a Ленинград  |c НПО ЦКТИ  |d 1989 
215 |a 95 с.  |c ил. 
225 1 |a Труды ЦКТИ  |v Вып. 255 
320 |a Библиогр. в конце ст. 
606 1 |a Тепловые электрические станции  |2 stltpush  |3 (RuTPU)RU\TPU\subj\59599  |9 77109 
610 1 |a теплосиловое оборудование 
610 1 |a коррозия 
610 1 |a водно-химические режимы 
610 1 |a внутритрубные образования 
610 1 |a паропреобразователи 
610 1 |a защитные перекрытия 
610 1 |a долговечность 
610 1 |a газовые турбины 
610 1 |a лопатки 
675 |a 621.311.22.002.5:621.182  |z rus 
675 |a 621.311.22.002.5:620.1  |z rus 
702 1 |a Сафонов  |b Л. П.  |g Леонид Петрович  |4 340 
712 0 2 |a Центральный научно-исследовательский проектно-конструкторский котлотурбинный институт им. И. И. Ползунова (ЦКТИ)  |c (Ленинград)  |c (1935-1994)  |2 stltpush  |3 (RuTPU)RU\TPU\col\3002 
801 0 |a RU  |b RuMRKP  |c 19950417  |g psbo 
801 1 |a RU  |b 63413507  |c 20130131 
801 2 |a RU  |b 63413507  |c 20131017  |g RCR 
942 |c BK